|
|
|
|
| LEADER |
00747ncm a22002172a 4500 |
| 001 |
001259701 |
| 003 |
CZ BrMZK |
| 005 |
20121023065621.0 |
| 007 |
qu |
| 008 |
120301s1991 xo |||||||||||||||||zxx d |
| 040 |
|
|
|a BOA001
|b cze
|
| 072 |
|
7 |
|a 787
|x Hudba pro strunné a smyčcové nástroje
|2 Konspekt
|9 9
|
| 245 |
0 |
0 |
|a Slovenská violová tvorba
|h [hudebnina] :
|b viola a klavír /
|c Albrecht ... [et al.] ; revidoval Ján Albrecht
|
| 250 |
|
|
|a 2. vyd.
|
| 260 |
|
|
|a Bratislava :
|b Opus,
|c 1991
|
| 300 |
|
|
|a 48, 16 s.
|
| 700 |
1 |
|
|a Albrecht, Ján,
|d 1919-1996
|7 jn19990210025
|4 cmp
|4 edt
|
| 910 |
|
|
|a BOA001
|b Mus4-0975.061
|
| 990 |
|
|
|a MU
|
| 991 |
|
|
|b 201210
|
| 996 |
6 |
|
|b 2619053287
|c Mus4-0975.061
|l MZK
|r Sklad / do 1 hodiny
|n 0
|w 001293791
|u 000010
|a 1
|e BOA001
|j MZK50
|s P
|